Giáo trình phân tích hoạt động kinh tế doanh nghiệp (Dùng trong các trường THCN)
Sách tập trung thể hiện vấn đề chung về phân tích hoạt động kinh tế, tình hình sản xuất của doanh nghiệp sản xuất, phân tích các yếu tố của quá trình sản xuất, phân tích giá thành sản phẩm, kết quả sản xuất kinh doanh và tình hình tài c...
Saved in:
| Main Author: | |
|---|---|
| Format: | Book |
| Language: | Undetermined |
| Published: |
Hà Nội
Nhà xuất bản Hà Nội
2008
|
| Subjects: | |
| Tags: |
Add Tag
No Tags, Be the first to tag this record!
|
| Institutions: | Trung tâm Học liệu Trường Đại học Cần Thơ |
|---|
| LEADER | 01113nam a2200217Ia 4500 | ||
|---|---|---|---|
| 001 | CTU_122187 | ||
| 008 | 210402s9999 xx 000 0 und d | ||
| 020 | |c 13500 | ||
| 082 | |a 338.5 | ||
| 082 | |b H100 | ||
| 100 | |a Phương, Thị Hồng Hà | ||
| 245 | 0 | |a Giáo trình phân tích hoạt động kinh tế doanh nghiệp | |
| 245 | 0 | |b (Dùng trong các trường THCN) | |
| 245 | 0 | |c Phương Thị Hồng Hà | |
| 260 | |a Hà Nội | ||
| 260 | |b Nhà xuất bản Hà Nội | ||
| 260 | |c 2008 | ||
| 520 | |a Sách tập trung thể hiện vấn đề chung về phân tích hoạt động kinh tế, tình hình sản xuất của doanh nghiệp sản xuất, phân tích các yếu tố của quá trình sản xuất, phân tích giá thành sản phẩm, kết quả sản xuất kinh doanh và tình hình tài chính của doanh nghiệp | ||
| 650 | |a Managerial economics,Production (economic theory),Production management | ||
| 904 | |i Nguyên | ||
| 980 | |a Trung tâm Học liệu Trường Đại học Cần Thơ | ||